| 000 | 00728nam a2200193 a 4500 | ||
|---|---|---|---|
| 005 | 20140412111318.0 | ||
| 008 | 000823s19uu xx 00 eng d | ||
| 020 | _a1-57029-092-X | ||
| 050 |
_aTR(GS 372.21 _bB126 1996 |
||
| 100 | _aBacker, Barbara F. | ||
| 245 |
_aCreating theme environments / _cby Barbara F. Backer ; illustrated by Priscilla Burris. |
||
| 260 |
_aTorrance, California : _bWarren Publishing House, _c1996. |
||
| 300 | _a23 p. | ||
| 440 | _a101 Tips for Preschool Teachers | ||
| 500 | _aPreschool | ||
| 520 | _aTransform your classroom into a working ranch, a space station, an undersea world, and more with the 101 tips in this book! | ||
| 650 |
_aPreschool resources _xreproducibles |
||
| 999 |
_c104303 _d104303 |
||